000 00286nam a22001337a 4500
008 181105b xxu||||| |||| 00| 0 eng d
020 _a3820902
041 _aeng
080 _a941
100 _a17
101 _aHIS
245 _aKings Barons & Serfs
_cUnstead, R.J
942 _2udc
_cBK
999 _c51900
_d51900